Whack-A-Mole - Sudden Death - Statistics

General Stats
  • This quiz has been taken 93,303 times
  • The average score is 13 of 20
Answers on the Grid
Answers color-coded by a green-red scale on the quiz's grid according to % correct below.
 
Answer Stats
Answer % Correct
91%
88%
81%
80%
78%
78%
63%
63%
60%
59%
58%
58%
58%
58%
58%
57%
57%
49%
49%
49%
No matching quizzes found
Score Distribution
Percent of People with Each Score
Percentile by Number Answered
Your Score History
You have not taken this quiz